|
|
|
|
| LEADER |
02492nam a22005415i 4500 |
| 001 |
978-88-470-1899-0 |
| 003 |
DE-He213 |
| 005 |
20151204184314.0 |
| 007 |
cr nn 008mamaa |
| 008 |
110628s2011 it | s |||| 0|ita d |
| 020 |
|
|
|a 9788847018990
|9 978-88-470-1899-0
|
| 024 |
7 |
|
|a 10.1007/978-88-470-1899-0
|2 doi
|
| 040 |
|
|
|d GrThAP
|
| 050 |
|
4 |
|a RG499.2-991
|
| 050 |
|
4 |
|a RG600-650
|
| 072 |
|
7 |
|a MJT
|2 bicssc
|
| 072 |
|
7 |
|a MED033000
|2 bisacsh
|
| 082 |
0 |
4 |
|a 618.2
|2 23
|
| 100 |
1 |
|
|a Graziottin, Alessandra.
|e author.
|
| 245 |
1 |
0 |
|a Vulvodinia
|h [electronic resource] :
|b Strategie di diagnosi e cura /
|c by Alessandra Graziottin, Filippo Murina.
|
| 264 |
|
1 |
|a Milano :
|b Springer Milan,
|c 2011.
|
| 300 |
|
|
|a X, 100 pagg.
|b online resource.
|
| 336 |
|
|
|a text
|b txt
|2 rdacontent
|
| 337 |
|
|
|a computer
|b c
|2 rdamedia
|
| 338 |
|
|
|a online resource
|b cr
|2 rdacarrier
|
| 347 |
|
|
|a text file
|b PDF
|2 rda
|
| 520 |
|
|
|a Il dolore cronico vulvare, o “vulvodinia”, è una patologia diffusa che può avere un forte impatto sul benessere della donna. Nonostante sia frequentemente osservata nella pratica clinica quotidiana, resta un disturbo trascurato e può richiedere anche molti anni per essere correttamente diagnosticato. Il volume offre un panorama conciso delle ultimissime acquisizioni sulla diagnosi e la cura della vulvodinia e delle sue numerose comorbilità, ha un formato facile da leggere, con molti consigli pratici, e aiuta ad affrontare rapidamente ed efficacemente tutte le complesse e delicate problematiche che sottendono il disturbo. Questo libro si rivolge ai medici motivati a migliorare la qualità di vita delle donne che soffrono di vulvodinia, e in particolare ai Ginecologi e ai Medici di Medicina Generale.
|
| 650 |
|
0 |
|a Medicine.
|
| 650 |
|
0 |
|a Gynecology.
|
| 650 |
|
0 |
|a Obstetrics.
|
| 650 |
|
0 |
|a Pain medicine.
|
| 650 |
|
0 |
|a Psychotherapy.
|
| 650 |
|
0 |
|a Reproductive medicine.
|
| 650 |
|
0 |
|a Physiotherapy.
|
| 650 |
1 |
4 |
|a Medicine & Public Health.
|
| 650 |
2 |
4 |
|a Obstetrics/Perinatology.
|
| 650 |
2 |
4 |
|a Gynecology.
|
| 650 |
2 |
4 |
|a Pain Medicine.
|
| 650 |
2 |
4 |
|a Psychotherapy.
|
| 650 |
2 |
4 |
|a Physiotherapy.
|
| 650 |
2 |
4 |
|a Reproductive Medicine.
|
| 700 |
1 |
|
|a Murina, Filippo.
|e author.
|
| 710 |
2 |
|
|a SpringerLink (Online service)
|
| 773 |
0 |
|
|t Springer eBooks
|
| 776 |
0 |
8 |
|i Printed edition:
|z 9788847018983
|
| 856 |
4 |
0 |
|u http://dx.doi.org/10.1007/978-88-470-1899-0
|z Full Text via HEAL-Link
|
| 912 |
|
|
|a ZDB-2-SME
|
| 950 |
|
|
|a Medicine (Springer-11650)
|